Fr. Conceicao Rodrigues College of Engineering

Solid Phase Welding Of Metall (Record no. 35665)

MARC details
000 -LEADER
fixed length control field 00295nam a2200133Ia 4500
082 ## - DEWEY DECIMAL CLASSIFICATION NUMBER
Classification number 671.52
100 ## - MAIN ENTRY--PERSONAL NAME
Personal name Tylecote/R.F
245 ## - TITLE STATEMENT
Title Solid Phase Welding Of Metall
260 ## - PUBLICATION, DISTRIBUTION, ETC.
Name of publisher, distributor, etc. Edword arnold
Place of publication, distribution, etc. London
Date of publication, distribution, etc. 1968
300 ## - PHYSICAL DESCRIPTION
Extent 334
546 ## - LANGUAGE NOTE
Language note ENGLISH
654 ## - SUBJECT ADDED ENTRY--FACETED TOPICAL TERMS
Focus term Welding Of Metals
942 ## - ADDED ENTRY ELEMENTS (KOHA)
Koha item type BOOK
Holdings
Withdrawn status Lost status Damaged status Not for loan Collection Home library Current library Date acquired Source of acquisition Cost, normal purchase price Inventory number Total Checkouts Full call number Barcode Date last seen Cost, replacement price Price effective from Koha item type
        AFT Fr. Agnel's C.Rodrigues College of Engineering Fr. Agnel's C.Rodrigues College of Engineering 17/03/2023 IBH 92.00 68892   671.52 AFT1902 17/03/2023 92.00 17/03/2023 BOOK